000 00302nam a22001217a 4500
041 _aENG
100 _aEbeling .C.E
245 _aAn Introduction To Reliability And Maintainability Engineering
260 _aDelhi
_bTata McGraw Hill
_c1997
300 _a486
650 _aM.Tech
856 _uM.Tech -(7)
999 _c1005
_d1005